Statistics for World Capital Bullseye #6

Click here to take the quiz!

General Stats

  • This quiz has been taken 78 times
  • The average score is 21 of 31

Answer Stats

Capital City% Correct
Khartoum
88%
Addis Ababa
85%
Kampala
83%
Kigali
79%
Mogadishu
77%
Djibouti
76%
Riyadh
74%
Bujumbura
74%
NAIROBI
74%
Dodoma
74%
Juba
73%
Harare
71%
Sana'a
70%
Tripoli
68%
Lusaka
67%
N'Djamena
67%
Maputo
67%
Asmara
65%
Male
64%
Windhoek
64%
Lilongwe
64%
Victoria
62%
Antananarivo
62%
Bangui
61%
Gaborone
61%
Niamey
59%
Moroni
58%
Doha
58%
Manama
55%
Colombo
50%
Port Louis
48%

Score Distribution

Percentile by Number Answered

Percent of People with Each Score

Your Score History

You have not taken this quiz